000 00215 a2200097 4500
001 20516
100 _akamenichny I
245 _aHeat Treatment a Hand Book
260 _a
_bMir Publishers
_c
090 _c14913
_d14913
942 _aNUST-CAE
_cM
_c5462
999 _c255589
_d255589